Marine renewable energy handbook / (Record no. 355888)

000 -LEADER
fixed length control field 01329cam a22003614a 4500
001 - CONTROL NUMBER
control field 17044397
003 - CONTROL NUMBER IDENTIFIER
control field USPCAS-E
005 - DATE AND TIME OF LATEST TRANSACTION
control field 20180118181417.0
008 - FIXED-LENGTH DATA ELEMENTS--GENERAL INFORMATION
fixed length control field 111114s2012 enkab b 001 0 eng
010 ## - LIBRARY OF CONGRESS CONTROL NUMBER
LC control number 2011043743
016 7# - NATIONAL BIBLIOGRAPHIC AGENCY CONTROL NUMBER
Record control number 016006595
Source Uk
020 ## - INTERNATIONAL STANDARD BOOK NUMBER
International Standard Book Number 9781848213326
020 ## - INTERNATIONAL STANDARD BOOK NUMBER
International Standard Book Number 1848213328
035 ## - SYSTEM CONTROL NUMBER
System control number (OCoLC)ocn761334754
040 ## - CATALOGING SOURCE
Original cataloging agency DLC
Language of cataloging eng
Transcribing agency DLC
Modifying agency YDX
-- UKMGB
-- BTCTA
-- YDXCP
-- BWX
-- DLC
042 ## - AUTHENTICATION CODE
Authentication code pcc
043 ## - GEOGRAPHIC AREA CODE
Geographic area code e-fr---
050 00 - LIBRARY OF CONGRESS CALL NUMBER
Classification number TJ163.25.F8
Item number M345 2012
082 00 - DEWEY DECIMAL CLASSIFICATION NUMBER
Classification number 333.914
Edition number 23
Author Mark MAR 2012
245 00 - TITLE STATEMENT
Title Marine renewable energy handbook /
Statement of responsibility, etc. edited by Bernard Multon.
260 ## - PUBLICATION, DISTRIBUTION, ETC.
Place of publication, distribution, etc. London :
Name of publisher, distributor, etc. ISTE ;
Place of publication, distribution, etc. Hoboken, NJ :
Name of publisher, distributor, etc. John Wiley & Sons,
Date of publication, distribution, etc. 2012.
300 ## - PHYSICAL DESCRIPTION
Extent xx, 643 p. :
Other physical details ill., maps ;
Dimensions 24 cm.
502 ## - DISSERTATION NOTE
Dissertation note .
504 ## - BIBLIOGRAPHY, ETC. NOTE
Bibliography, etc. note Includes bibliographical references and index.
650 #0 - SUBJECT ADDED ENTRY--TOPICAL TERM
Topical term or geographic name entry element Ocean energy resources
Geographic subdivision France.
650 #0 - SUBJECT ADDED ENTRY--TOPICAL TERM
Topical term or geographic name entry element Renewable energy sources
Geographic subdivision France.
700 1# - ADDED ENTRY--PERSONAL NAME
Personal name Multon, Bernard.
856 42 - ELECTRONIC LOCATION AND ACCESS
Materials specified Publisher description
Uniform Resource Identifier <a href="http://catdir.loc.gov/catdir/enhancements/fy1205/2011043743-d.html">http://catdir.loc.gov/catdir/enhancements/fy1205/2011043743-d.html</a>
856 41 - ELECTRONIC LOCATION AND ACCESS
Materials specified Table of contents only
Uniform Resource Identifier <a href="http://www.loc.gov/catdir/enhancements/fy1402/2011043743-t.html">http://www.loc.gov/catdir/enhancements/fy1402/2011043743-t.html</a>
906 ## - LOCAL DATA ELEMENT F, LDF (RLIN)
a 7
b cbc
c orignew
d 1
e ecip
f 20
g y-gencatlg
942 ## - ADDED ENTRY ELEMENTS (KOHA)
Source of classification or shelving scheme
Koha item type Book
Holdings
Withdrawn status Lost status Source of classification or shelving scheme Damaged status Not for loan Collection code Permanent Location Current Location Shelving location Date acquired Source of acquisition Cost, normal purchase price Total Checkouts Full call number Barcode Date last seen Price effective from Koha item type
            US-Pakistan Center for Advanced Studies in Energy (USPCAS-E) US-Pakistan Center for Advanced Studies in Energy (USPCAS-E)   12/31/2015 Golden 22518.00   333.914 MAR 2012 CAS-E000121 12/31/2015 12/31/2015 Book
© 2023 Central Library, National University of Sciences and Technology. All Rights Reserved.